[Event "OLNN 1920 SC Königsspringer HH - Schac"]
[Site "?"]
[Date "2019.11.24"]
[Round "3.5"]
[White "Neffe, Axel"]
[Black "Borgmeyer, Max"]
[Result "1-0"]
[WhiteElo "2226"]
[BlackElo "2182"]
[PlyCount "101"]
[EventDate "2019.??.??"]

1. e4 c5 2. Nf3 d6 3. d4 cxd4 4. Nxd4 Nf6 5. Nc3 a6 6. Bc4 e6 7. Bb3 Qc7 8. O-O
Nbd7 9. f4 Nc5 10. Qe2 Be7 11. e5 dxe5 12. fxe5 Nfd7 13. Bf4 Nf8 14. Nf5 exf5
15. e6 Qc6 16. exf7+ Kd8 17. Rad1+ Bd7 18. Qxe7+ Kxe7 19. Bg5+ Qf6 20. Nd5+
Kxf7 21. Nxf6+ Be6 22. Nd5 Nxb3 23. axb3 Rc8 24. c4 Nd7 25. g4 g6 26. Ne3 Rc5
27. Bf4 Rc6 28. Bg3 Nf6 29. gxf5 gxf5 30. Nxf5 Bxf5 31. Rxf5 Kg6 32. Re5 h5 33.
Bh4 Ng4 34. Rg5+ Kh6 35. h3 Nf6 36. Rf1 Re8 37. Ra5 Ne4 38. Rff5 b5 39. cxb5
Rc1+ 40. Kg2 Rc2+ 41. Bf2 axb5 42. Raxb5 Kg6 43. Rf4 Rxb2 44. Rb4 Nc3 45. Rb6+
Kg5 46. Rf7 h4 47. Kf3 Nd5 48. Rg7+ Kf5 49. Rb5 Rd2 50. Rg4 Kf6 51. Bd4+ 1-0

[Event "OLNN 1920 SC Königsspringer HH - Schac"]
[Site "?"]
[Date "2019.11.24"]
[Round "3.6"]
[White "Wagner, Friedrich"]
[Black "Hourigan, Gerrit"]
[Result "0-1"]
[WhiteElo "2140"]
[BlackElo "2239"]
[PlyCount "136"]
[EventDate "2019.??.??"]

1. c4 c5 2. g3 Nc6 3. Bg2 g6 4. e3 Bg7 5. Ne2 e5 6. Nbc3 Nge7 7. a3 d6 8. O-O
Be6 9. Nd5 h5 10. h3 h4 11. g4 f5 12. gxf5 Bxf5 13. d4 Qd7 14. Nxe7 Qxe7 15. d5
Nd8 16. e4 Bd7 17. Be3 g5 18. Qd2 Bf6 19. f3 b6 20. b4 Nb7 21. Nc1 Rc8 22. Qd3
O-O 23. Qb3 b5 24. cxb5 Bxb5 25. Rf2 Rb8 26. a4 Bd7 27. Qa2 cxb4 28. Bxa7 Ra8
29. Be3 Rxa4 30. Qb2 Rfa8 31. Rxa4 Rxa4 32. Bd2 Qd8 33. Bxb4 Qa8 34. Kh2 Qa7
35. Rc2 Bd8 36. Bc3 Nc5 37. Bf1 Qb6 38. Qxb6 Bxb6 39. Rg2 Bd8 40. Bd2 Ra1 41.
Bc4 Kf7 42. Na2 Kg6 43. Be3 Rb1 44. Rg1 Rb2+ 45. Rg2 Rb7 46. Bc1 Rc7 47. Rc2
Ba4 48. Rb2 Kf7 49. Be2 Nb3 50. Be3 Nd4 51. Kg2 Bf6 52. Nc1 Rc3 53. Bd2 Rc7 54.
Bd3 Bd1 55. Na2 Bxf3+ 56. Kf2 g4 57. hxg4 Bxg4 58. Nc3 Ra7 59. Rb1 Ra3 60. Rb7+
Kg6 61. Rc7 Rb3 62. Ra7 Nf3 63. Be2 Nxd2 64. Bxg4 Rxc3 65. Bf5+ Kg5 66. Ke2 Nf3
67. Ra8 Nd4+ 68. Kd2 Rg3 0-1

[Event "OLNN 1920 SC Königsspringer HH - Schac"]
[Site "?"]
[Date "2019.11.24"]
[Round "3.7"]
[White "Kluenger, Marc"]
[Black "Lock, Adrian"]
[Result "0-1"]
[WhiteElo "2202"]
[BlackElo "2073"]
[PlyCount "132"]
[EventDate "2019.??.??"]

1. e4 e6 2. d4 d5 3. Nd2 dxe4 4. Nxe4 Bd7 5. Nf3 Bc6 6. Bd3 Nd7 7. O-O Ngf6 8.
Nc3 Be7 9. Ne5 Nxe5 10. dxe5 Nd7 11. Qe2 O-O 12. Rd1 Qc8 13. Bf4 Rd8 14. Ne4
Bxe4 15. Qxe4 Nf8 16. a4 c6 17. a5 Qc7 18. b4 Rd5 19. c4 Rd7 20. a6 Bxb4 21.
Rab1 c5 22. Qxb7 Qd8 23. Qf3 Rb8 24. Be4 Rxd1+ 25. Rxd1 Qa5 26. Bb7 Bc3 27. Bg3
Qa4 28. Qe2 Bd4 29. h4 Nd7 30. h5 h6 31. Rc1 Rd8 32. Bf4 Nb8 33. g4 Nxa6 34. g5
hxg5 35. Bxg5 Rb8 36. Qf3 Bxe5 37. h6 Nb4 38. h7+ Kxh7 39. Qxf7 Qe8 40. Be4+
Kh8 41. Qf3 Kg8 42. Kg2 Qf7 43. Bh7+ Kf8 44. Qe4 Qb7 45. Re1 Bf6 46. Bf4 Qxe4+
47. Rxe4 Rb6 48. Re3 Ke7 49. Ra3 Ra6 50. Rb3 Ra2 51. Be3 Kd6 52. Rb1 Nc2 53.
Rd1+ Nd4 54. Rb1 Ra4 55. Rb7 Nf5 56. Kf3 Kc6 57. Rf7 Nd6 58. Rf8 Rxc4 59. Bg8
Kd5 60. Bf4 Rc3+ 61. Kg2 Rc2 62. Ra8 Ra2 63. Kf3 Be5 64. Bg5 Bd4 65. Bh4 c4 66.
Rd8 Bf6 0-1

[Event "OLNN 1920 SC Königsspringer HH - Schac"]
[Site "?"]
[Date "2019.11.24"]
[Round "3.8"]
[White "Lampe, Joerg"]
[Black "Zimmermann, Martin"]
[Result "1/2-1/2"]
[WhiteElo "2115"]
[BlackElo "2150"]
[PlyCount "26"]
[EventDate "2019.??.??"]

1. e4 c5 2. Nf3 d6 3. c3 Nf6 4. h3 e6 5. Bd3 Be7 6. O-O Nbd7 7. Bc2 b6 8. d4
Bb7 9. Qe2 Qc7 10. Rd1 O-O 11. Bg5 Rfe8 12. Na3 a6 13. Rac1 b5 1/2-1/2

[Event "OLNN 1920 Hamburger SK III - SF Schweri"]
[Site "?"]
[Date "2019.11.24"]
[Round "3.1"]
[White "Kesten, Sebastian"]
[Black "Gaede, Derek"]
[Result "1-0"]
[WhiteElo "2292"]
[BlackElo "2264"]
[PlyCount "111"]
[EventDate "2019.??.??"]

1. c4 e6 2. g3 d5 3. Nf3 Nf6 4. Bg2 d4 5. e3 c5 6. exd4 cxd4 7. d3 Nc6 8. O-O
Bd6 9. Bg5 h6 10. Bxf6 Qxf6 11. Nbd2 Qd8 12. a3 a5 13. Qc2 O-O 14. c5 Be7 15.
b3 Bd7 16. Rab1 b6 17. cxb6 Qxb6 18. Nc4 Qa6 19. Rfc1 Rab8 20. Qd2 Rb5 21. Qe2
Rd8 22. Nfd2 Rdb8 23. h4 Bf8 24. h5 Be8 25. g4 Ne7 26. Qe4 Rd8 27. Qf4 Nd5 28.
Qxd4 Bc5 29. Qe4 Qa7 30. Qf3 Nf6 31. Ne4 Nxe4 32. dxe4 Bc6 33. a4 Rb4 34. Rb2
Rdb8 35. Nd2 Bd4 36. Rbc2 Be8 37. Bf1 Qe7 38. Rc7 Qh4 39. Bb5 f6 40. Rc8 R4xb5
41. axb5 Rxc8 42. Rxc8 Kf7 43. Nc4 Bd7 44. Rc7 Ke8 45. b6 Kd8 46. e5 Bxf2+ 47.
Kg2 Bxb6 48. Rxd7+ Kxd7 49. Nxb6+ Kc7 50. exf6 gxf6 51. Nc4 Qg5 52. Kg3 Qc5 53.
Qe3 Qxe3+ 54. Nxe3 Kc6 55. g5 fxg5 56. Ng4 1-0

[Event "OLNN 1920 Hamburger SK III - SF Schweri"]
[Site "?"]
[Date "2019.11.24"]
[Round "3.2"]
[White "Groetzbach, Julian"]
[Black "Schulz, Karsten"]
[Result "1-0"]
[WhiteElo "2232"]
[BlackElo "2278"]
[PlyCount "67"]
[EventDate "2019.??.??"]

1. e4 d6 2. d4 Nf6 3. Nc3 e5 4. Nge2 exd4 5. Nxd4 Be7 6. g3 O-O 7. Bg2 Re8 8.
O-O Bf8 9. h3 Nbd7 10. Re1 c6 11. a4 a5 12. Bf4 Ne5 13. g4 Nfd7 14. b3 Nc5 15.
Qd2 Qb6 16. Rad1 Bd7 17. Bg3 Rad8 18. f4 Bc8 19. Kh2 f6 20. Qf2 Nf7 21. Re3 Ne6
22. Nxe6 Bxe6 23. Red3 Qxf2 24. Bxf2 g5 25. f5 Bd7 26. Ne2 Ne5 27. R3d2 c5 28.
Nc3 Kf7 29. Nd5 Bc6 30. Nc7 Re7 31. Ne6 Rc8 32. Rxd6 b6 33. Bg3 Nd7 34. Rxc6
1-0

[Event "OLNN 1920 Hamburger SK III - SF Schweri"]
[Site "?"]
[Date "2019.11.24"]
[Round "3.3"]
[White "De Jong, Migchiel"]
[Black "Spiric, Igor"]
[Result "1-0"]
[WhiteElo "2323"]
[BlackElo "2265"]
[PlyCount "73"]
[EventDate "2019.??.??"]

1. Nf3 Nf6 2. c4 e6 3. g3 b6 4. Bg2 Bb7 5. d4 c5 6. d5 exd5 7. Nh4 g6 8. Nc3
Bg7 9. O-O O-O 10. cxd5 d6 11. e4 a6 12. f4 Nfd7 13. a4 b5 14. axb5 axb5 15.
Rxa8 Bxa8 16. Nxb5 Qb6 17. Na3 Qb4 18. Nc2 Qb5 19. Ne3 Bxb2 20. Bxb2 Qxb2 21.
Nc4 Qf6 22. e5 dxe5 23. fxe5 Qa6 24. Qg4 Nb6 25. Ne3 Qd3 26. Nhf5 Kh8 27. Qg5
N8d7 28. Nh6 Nxd5 29. Bxd5 Bxd5 30. Rd1 Qe2 31. Rxd5 f6 32. exf6 Ra8 33. Rxd7
Ra1+ 34. Rd1 Rxd1+ 35. Nxd1 Qxd1+ 36. Kg2 Qe2+ 37. Kh3 1-0

[Event "OLNN 1920 Hamburger SK III - SF Schweri"]
[Site "?"]
[Date "2019.11.24"]
[Round "3.4"]
[White "Poeck, Ole"]
[Black "Hilwerda, Jonas"]
[Result "0-1"]
[WhiteElo "2259"]
[BlackElo "2231"]
[PlyCount "70"]
[EventDate "2019.??.??"]

1. d4 Nf6 2. c4 g6 3. g3 Bg7 4. Bg2 O-O 5. Nc3 d6 6. e3 c6 7. Nge2 e5 8. O-O
Qc7 9. b3 Re8 10. Bb2 h5 11. h3 Nbd7 12. Qd2 Nf8 13. dxe5 dxe5 14. Rfd1 Bf5 15.
Qd6 Qc8 16. Kh2 N8h7 17. e4 Be6 18. Qd2 Qc7 19. Ba3 Rad8 20. Bd6 Qc8 21. Qe3 h4
22. gxh4 Nh5 23. Rd3 Rd7 24. Rad1 Qd8 25. Bc5 Rxd3 26. Rxd3 Qxh4 27. Bxa7 Ng5
28. Bb6 Bh6 29. Rd8 Rxd8 30. Bxd8 f6 31. Bb6 Bg4 32. Ng1 Nxh3 33. Nf3 Bxf3 34.
Qxh6 N3f4+ 35. Kg1 Bxg2 0-1

[Event "OLNN 1920 Hamburger SK III - SF Schweri"]
[Site "?"]
[Date "2019.11.24"]
[Round "3.5"]
[White "Reichmann, Hendrik"]
[Black "Woelk, Tom-Frederic"]
[Result "1-0"]
[WhiteElo "2347"]
[BlackElo "2299"]
[PlyCount "73"]
[EventDate "2019.??.??"]

1. c4 e6 2. g3 d5 3. Bg2 Nf6 4. Nf3 d4 5. b4 c5 6. bxc5 Bxc5 7. Ba3 Bxa3 8.
Qa4+ Nc6 9. Qxa3 e5 10. d3 Qe7 11. Qxe7+ Kxe7 12. Nbd2 Nd7 13. Rb1 Rb8 14. O-O
b6 15. Nh4 Nd8 16. Nf5+ Kf6 17. Nd6 Bb7 18. f4 Bxg2 19. Kxg2 Ke6 20. fxe5 f6
21. Nf5 fxe5 22. Nxg7+ Kd6 23. Ne4+ Kc7 24. Rb5 Rg8 25. Nh5 Nc6 26. Rf7 Rbf8
27. Rxh7 Rh8 28. Rxh8 Rxh8 29. Ng7 a6 30. Ne6+ Kc8 31. Rb1 Rh6 32. Ng7 Rg6 33.
Nf5 Kc7 34. h4 Nc5 35. h5 Rg8 36. Nf6 Rf8 37. Nd5+ 1-0

[Event "OLNN 1920 Hamburger SK III - SF Schweri"]
[Site "?"]
[Date "2019.11.24"]
[Round "3.6"]
[White "Bracker, Arne"]
[Black "Wolf, Christoph"]
[Result "1/2-1/2"]
[WhiteElo "2235"]
[BlackElo "2215"]
[PlyCount "84"]
[EventDate "2019.??.??"]

1. e4 e6 2. d4 d5 3. Nc3 Nf6 4. e5 Nfd7 5. f4 c5 6. Nf3 Nc6 7. Be3 Be7 8. Qd2
O-O 9. Be2 b6 10. O-O f5 11. dxc5 Nxc5 12. Bb5 Bb7 13. Bxc6 Bxc6 14. Nd4 Bd7
15. b4 Na6 16. a3 Rc8 17. Nd1 Qe8 18. Kh1 Nc7 19. Rg1 Nb5 20. c3 Nxd4 21. Bxd4
Qh5 22. Ne3 Kh8 23. g4 fxg4 24. Rxg4 Be8 25. Rag1 Bg6 26. R1g3 Be4+ 27. Kg1 Bh4
28. Rg2 Rc7 29. h3 Rcf7 30. Qe2 Bxg2 31. Nxg2 Be7 32. Kh2 Qf5 33. Ne3 Qh5 34.
Ng2 Qf5 35. Ne3 Qh5 36. Ng2 Rc8 37. Qb5 Bf8 38. Ne3 Qh6 39. Qf1 Be7 40. Qa6 Rc7
41. Kg3 g6 42. a4 Qf8 1/2-1/2

[Event "OLNN 1920 Hamburger SK III - SF Schweri"]
[Site "?"]
[Date "2019.11.24"]
[Round "3.7"]
[White "Rittemann, Steffen"]
[Black "Bente, Bjoern"]
[Result "1-0"]
[WhiteElo "2140"]
[BlackElo "2243"]
[PlyCount "127"]
[EventDate "2019.??.??"]

1. e4 g6 2. d4 Bg7 3. Nc3 c6 4. Nf3 d6 5. Be2 Nf6 6. h3 O-O 7. O-O Nbd7 8. Bg5
e5 9. Qd2 Re8 10. dxe5 dxe5 11. Rfd1 Qc7 12. Qe3 Nf8 13. Bc4 Be6 14. Bb3 a6 15.
Na4 Bxb3 16. axb3 Ne6 17. Bxf6 Bxf6 18. Nc5 Nd4 19. Nxd4 exd4 20. Qf3 Bg7 21.
b4 a5 22. bxa5 Rxa5 23. Rxa5 Qxa5 24. Nd3 c5 25. b4 cxb4 26. Rb1 Bf8 27. e5 Qa2
28. Rb2 Qa1+ 29. Kh2 Qa6 30. Qd5 Qb6 31. f4 Rd8 32. Qc4 Qc6 33. Qxc6 bxc6 34.
Nxb4 Rb8 35. Nd3 Rxb2 36. Nxb2 f6 37. exf6 Bd6 38. g3 c5 39. Nc4 Bc7 40. Kg2
Kf7 41. Ne5+ Kxf6 42. Nd7+ Ke6 43. Nxc5+ Kd5 44. Nd3 Kc4 45. Kf3 Kc3 46. Ke4
Kxc2 47. Kxd4 Kd2 48. g4 Ke2 49. Ke4 Kf1 50. Kf3 Kg1 51. g5 Bd6 52. Ne5 Kh2 53.
Kg4 Bf8 54. h4 Bg7 55. Nd7 Kg2 56. Nc5 Bb2 57. Nd7 Bg7 58. Ne5 Kf2 59. Nd7 Ke3
60. f5 gxf5+ 61. Kxf5 Kf3 62. h5 h6 63. Kg6 hxg5 64. Kxg7 1-0

[Event "OLNN 1920 Hamburger SK III - SF Schweri"]
[Site "?"]
[Date "2019.11.24"]
[Round "3.8"]
[White "Bach, Matthias"]
[Black "Kunze, Kerstin"]
[Result "1-0"]
[WhiteElo "2262"]
[BlackElo "2038"]
[PlyCount "85"]
[EventDate "2019.??.??"]

1. d4 Nf6 2. c4 e6 3. Nc3 Bb4 4. Bg5 h6 5. Bh4 c5 6. d5 exd5 7. cxd5 d6 8. e3
Nbd7 9. Bb5 O-O 10. Nge2 Ne5 11. O-O Ng6 12. Bg3 Nh5 13. h3 Nxg3 14. Nxg3 Bxc3
15. bxc3 Qh4 16. Bd3 Ne5 17. Bf5 g6 18. Bxc8 Raxc8 19. Qb1 b6 20. a4 Nc4 21.
Qd3 Rfe8 22. e4 Ne5 23. Qe3 Nc4 24. Qe2 Ne5 25. a5 Qf4 26. Rfe1 Rb8 27. Qa6 Re7
28. Re3 b5 29. Rb1 Reb7 30. Ne2 Qf6 31. f4 Nc4 32. Rd3 Qd8 33. Ra1 Qe7 34. Ng3
Nb2 35. Re3 Nc4 36. Re2 Qh4 37. Kh2 Qxf4 38. e5 Nxe5 39. Rf1 Qc4 40. Qxd6 Nd3
41. Ne4 Nc1 42. Nf6+ Kg7 43. Ne8+ 1-0

[Event "OLNN 1920 Lübecker SV - SK Norderstedt"]
[Site "?"]
[Date "2019.11.24"]
[Round "3.1"]
[White "Olszewski, Michal"]
[Black "Kalinitschew, Sergey"]
[Result "1-0"]
[WhiteElo "2551"]
[BlackElo "2435"]
[PlyCount "54"]
[EventDate "2019.??.??"]

1. d4 Nf6 2. c4 g6 3. Nc3 Bg7 4. e4 d6 5. h3 O-O 6. Bg5 c5 7. d5 e6 8. Bd3 exd5
9. exd5 Re8+ 10. Nge2 Nbd7 11. f4 a6 12. a4 h6 13. Bh4 b6 14. O-O Qe7 15. Qc2
Qf8 16. Kh2 Ra7 17. Rf3 Nh7 18. Rg1 Ndf6 19. g4 g5 20. fxg5 hxg5 21. Bf2 Rae7
22. Ng3 Kh8 23. Nh5 Nd7 24. Kg2 Re5 25. Rf1 R8e7 26. Bg1 Re1 27. Rxe1 Rxe1 1-0

[Event "OLNN 1920 Lübecker SV - SK Norderstedt"]
[Site "?"]
[Date "2019.11.24"]
[Round "3.2"]
[White "Svane, Frederik"]
[Black "Ostrovskiy, Andrey"]
[Result "1/2-1/2"]
[WhiteElo "2397"]
[BlackElo "2423"]
[PlyCount "65"]
[EventDate "2019.??.??"]

1. c4 Nf6 2. Nc3 e5 3. Nf3 Nc6 4. e3 Bb4 5. Qc2 a5 6. a3 Bxc3 7. Qxc3 Qe7 8. b3
d6 9. Bb2 Bg4 10. d3 Bxf3 11. gxf3 Nd4 12. O-O-O Ne6 13. Bh3 c5 14. Rhg1 Nd7
15. f4 O-O 16. fxe5 dxe5 17. Rg3 f6 18. Rdg1 Rf7 19. Bf5 a4 20. bxa4 Nb6 21.
Qb3 Ra6 22. a5 Nc8 23. Qd1 Nd6 24. Bxh7+ Kxh7 25. Qh5+ Kg8 26. Rh3 Rf8 27. Qh8+
Kf7 28. Qh5+ Kg8 29. Qh7+ Kf7 30. Qg6+ Kg8 31. Qh7+ Kf7 32. Qg6+ Kg8 33. Qh7+
1/2-1/2

[Event "OLNN 1920 Lübecker SV - SK Norderstedt"]
[Site "?"]
[Date "2019.11.24"]
[Round "3.3"]
[White "Kopylov, Michael"]
[Black "Riess, Alexander"]
[Result "1-0"]
[WhiteElo "2410"]
[BlackElo "2314"]
[PlyCount "43"]
[EventDate "2019.??.??"]

1. d4 Nf6 2. c4 g6 3. Nc3 d5 4. cxd5 Nxd5 5. e4 Nxc3 6. bxc3 Bg7 7. Bg5 c5 8.
Rc1 cxd4 9. cxd4 O-O 10. Nf3 Bg4 11. d5 h6 12. Bh4 Qa5+ 13. Qd2 Qa4 14. Rc4 Qa3
15. Be2 e6 16. O-O Nd7 17. Rc7 Qa4 18. Bd1 Qxe4 19. Re1 Qxd5 20. Rxd7 Qc6 21.
Ne5 Bxe5 22. Rxe5 1-0

[Event "OLNN 1920 Lübecker SV - SK Norderstedt"]
[Site "?"]
[Date "2019.11.24"]
[Round "3.4"]
[White "Kololli, Martin"]
[Black "Petrosian, Suren"]
[Result "1-0"]
[WhiteElo "2332"]
[BlackElo "2366"]
[PlyCount "80"]
[EventDate "2019.??.??"]

1. e4 c6 2. c4 d5 3. exd5 cxd5 4. cxd5 Nf6 5. Nc3 g6 6. Bc4 Bg7 7. Nge2 O-O 8.
d4 Nbd7 9. Bb3 Nb6 10. Nf4 Bf5 11. O-O Rc8 12. Re1 a6 13. d6 Qxd6 14. Qf3 Qd7
15. h3 g5 16. Nd3 g4 17. hxg4 Nxg4 18. Ne5 Nxe5 19. dxe5 Rc6 20. Bf4 Bg4 21.
Qe4 Qf5 22. Bc2 Qh5 23. f3 Bc8 24. Kf2 Rc4 25. Rh1 Rxe4 26. Bxe4 Qxh1 27. Rxh1
h6 28. Bxh6 Rd8 29. Bxg7 Kxg7 30. Rd1 Rxd1 31. Nxd1 f5 32. exf6+ Kxf6 33. Ke3
Be6 34. Bxb7 Bxa2 35. Bxa6 Bb3 36. Nc3 Bc4 37. Bb7 Bf1 38. Kf2 Bc4 39. g3 Bb3
40. Ba6 Ke5 1-0

[Event "OLNN 1920 Lübecker SV - SK Norderstedt"]
[Site "?"]
[Date "2019.11.24"]
[Round "3.5"]
[White "Powierski, Emil"]
[Black "Kreuzholz, Michael"]
[Result "1/2-1/2"]
[WhiteElo "2302"]
[BlackElo "2328"]
[PlyCount "55"]
[EventDate "2019.??.??"]

1. e4 c5 2. c3 Nf6 3. e5 Nd5 4. Nf3 Nc6 5. Bc4 Nb6 6. Bb3 c4 7. Bc2 d6 8. exd6
Qxd6 9. O-O Bg4 10. Qe2 e6 11. Na3 Qc5 12. h3 Bh5 13. b4 cxb3 14. axb3 Be7 15.
b4 Qd6 16. b5 Nd8 17. d4 O-O 18. Rd1 f5 19. c4 Qc7 20. Bb3 Bf6 21. Bb2 Kh8 22.
Rd3 Nf7 23. Qe1 Rad8 24. Rad1 Rfe8 25. R1d2 Ng5 26. Nxg5 Bxg5 27. Rc2 f4 28.
Rcc3 {(=)} 1/2-1/2

[Event "OLNN 1920 Lübecker SV - SK Norderstedt"]
[Site "?"]
[Date "2019.11.24"]
[Round "3.6"]
[White "Christ, Ralf"]
[Black "Hagenstein, Frank"]
[Result "1/2-1/2"]
[WhiteElo "2259"]
[BlackElo "2245"]
[PlyCount "24"]
[EventDate "2019.??.??"]

1. Nf3 Nf6 2. c4 e6 3. Nc3 d5 4. d4 Be7 5. Bg5 Nbd7 6. e3 h6 7. Bh4 O-O 8. Rc1
c5 9. cxd5 Nxd5 10. Bxe7 Nxe7 11. Be2 b6 12. O-O Bb7 1/2-1/2

[Event "OLNN 1920 Lübecker SV - SK Norderstedt"]
[Site "?"]
[Date "2019.11.24"]
[Round "3.7"]
[White "Michna, Christian"]
[Black "Ehrke, Michael"]
[Result "1-0"]
[WhiteElo "2227"]
[BlackElo "2229"]
[PlyCount "55"]
[EventDate "2019.??.??"]

1. d4 d5 2. Nc3 Bf5 3. Bf4 e6 4. f3 Bd6 5. Bxd6 Qxd6 6. e4 Bg6 7. Qd2 c6 8.
O-O-O Nd7 9. h4 h6 10. exd5 exd5 11. Re1+ Ne7 12. Qe3 Kd8 13. g4 f5 14. Nh3 Re8
15. Bd3 Kc7 16. Nf4 Bf7 17. Qd2 fxg4 18. fxg4 Ng6 19. Bxg6 Bxg6 20. Nfxd5+ Kd8
21. Nf4 Bf7 22. Ne4 Rxe4 23. Rxe4 Nf6 24. Re2 Bc4 25. Ree1 Kc7 26. g5 hxg5 27.
hxg5 Nd7 28. d5 1-0

[Event "OLNN 1920 Lübecker SV - SK Norderstedt"]
[Site "?"]
[Date "2019.11.24"]
[Round "3.8"]
[White "Poghosyan, Tigran"]
[Black "Meyer, Falko"]
[Result "0-1"]
[WhiteElo "2125"]
[BlackElo "2200"]
[PlyCount "98"]
[EventDate "2019.??.??"]

1. e4 c6 2. Nf3 d5 3. exd5 cxd5 4. Ne5 Nf6 5. d4 g6 6. Bb5+ Bd7 7. Nxd7 Nbxd7
8. c3 Bg7 9. O-O O-O 10. Re1 a6 11. Bd3 Re8 12. f4 b5 13. a3 Qb6 14. Be3 Qc6
15. Nd2 Nb6 16. Nf3 Nc4 17. Ne5 Qc7 18. Bc1 e6 19. Qb3 Nb6 20. Qd1 Nfd7 21. Qf3
Nf8 22. Bc2 f6 23. Ng4 Nfd7 24. Ne3 Kh8 25. Qh3 f5 26. Qf3 Nf6 27. g3 Ne4 28.
Bxe4 dxe4 29. Qe2 Qc6 30. Bd2 Nc4 31. Nxc4 bxc4 32. g4 Rab8 33. Rab1 Rb3 34. g5
Reb8 35. Be3 Bf8 36. Qc2 Qb5 37. a4 Qxa4 38. Ra1 Qb5 39. Bc1 a5 40. h4 a4 41.
h5 Kg8 42. hxg6 hxg6 43. Re2 Rb7 44. Rh2 Rh7 45. Rxh7 Kxh7 46. Kf2 a3 47. Kg3
Kg8 48. bxa3 Qa5 49. Bb2 Qb6 0-1

[Event "OLNN 1920 SV Diagonale Harburg - SC Dio"]
[Site "?"]
[Date "2019.11.24"]
[Round "3.1"]
[White "Schulenburg, Fabian"]
[Black "Kuberczyk, Christoph"]
[Result "1/2-1/2"]
[WhiteElo "2293"]
[BlackElo "2310"]
[PlyCount "30"]
[EventDate "2019.??.??"]

1. e4 c5 2. Nf3 d6 3. d4 cxd4 4. Nxd4 Nf6 5. Nc3 g6 6. g3 Nc6 7. Nde2 Bg7 8.
Bg2 O-O 9. O-O Rb8 10. a4 a6 11. Nd5 Nd7 12. c3 b5 13. axb5 axb5 14. Nd4 Nde5
15. Kh1 e6 {(=)} 1/2-1/2

[Event "OLNN 1920 SV Diagonale Harburg - SC Dio"]
[Site "?"]
[Date "2019.11.24"]
[Round "3.2"]
[White "Fries-Nielsen, Niels Jorgen"]
[Black "Schulenburg, Torben"]
[Result "1/2-1/2"]
[WhiteElo "2314"]
[BlackElo "2159"]
[PlyCount "35"]
[EventDate "2019.??.??"]

1. g3 Nf6 2. Bg2 d5 3. c4 c6 4. Qa4 dxc4 5. Qxc4 e5 6. Nf3 Bd6 7. d3 O-O 8. O-O
h6 9. Be3 Qe7 10. Nc3 Nbd7 11. Rac1 Nb6 12. Qh4 Bf5 13. a3 Nbd5 14. Bd2 Rfe8
15. Ne4 Bxe4 16. dxe4 Nc7 17. Be3 Ne6 18. Nd2 {(=)} 1/2-1/2

[Event "OLNN 1920 SV Diagonale Harburg - SC Dio"]
[Site "?"]
[Date "2019.11.24"]
[Round "3.3"]
[White "Mach, Holger"]
[Black "Wasmuth, Matthias"]
[Result "0-1"]
[WhiteElo "2224"]
[BlackElo "2155"]
[PlyCount "106"]
[EventDate "2019.??.??"]

1. e4 c5 2. Nc3 d6 3. Nf3 Nf6 4. d4 cxd4 5. Nxd4 g6 6. g3 Nc6 7. Nde2 Bd7 8.
Bg2 Qc8 9. h3 Bg7 10. Nd5 O-O 11. a4 e5 12. g4 Nxd5 13. exd5 Nb4 14. c3 Na6 15.
O-O f5 16. gxf5 Bxf5 17. Kh2 Nc5 18. Be3 Nd3 19. Qd2 e4 20. Ng3 Ne5 21. Bh6
Bxh3 22. Bxh3 Nf3+ 23. Kg2 Nxd2 24. Bxc8 Bxh6 25. Be6+ Kg7 26. Rfe1 Rf3 27.
Rad1 Raf8 28. Re2 e3 29. fxe3 Nc4 30. Nf1 Rxf1 31. Rxf1 Nxe3+ 32. Rxe3 Rxf1 33.
Rf3 Rxf3 34. Kxf3 Bc1 35. b3 Bd2 36. c4 Bb4 37. Ke4 Kf6 38. Bd7 Kg5 39. Kf3 Kh4
40. Be6 h5 41. Kg2 b6 42. Bd7 g5 43. Be6 g4 44. Bd7 Kg5 45. Be6 Kf4 46. Bf7 h4
47. Be6 h3+ 48. Kh2 Kf3 49. Bf5 Bc3 50. Kg1 Kg3 51. Bg6 Kh4 52. Bh7 g3 53. Be4
g2 0-1

[Event "OLNN 1920 SV Diagonale Harburg - SC Dio"]
[Site "?"]
[Date "2019.11.24"]
[Round "3.5"]
[White "Gottuk, Stefan"]
[Black "Hoppe, Daniel"]
[Result "1-0"]
[WhiteElo "2130"]
[BlackElo "1997"]
[PlyCount "99"]
[EventDate "2019.??.??"]

1. d4 Nf6 2. Bf4 c5 3. e3 g6 4. c3 cxd4 5. exd4 Bg7 6. Nf3 d6 7. h3 O-O 8. Be2
Re8 9. O-O Qb6 10. Qb3 Nc6 11. Qxb6 axb6 12. Rd1 Nd5 13. Bg3 Bf5 14. Nbd2 Na5
15. Bb5 Rec8 16. Re1 Rc7 17. a3 Rac8 18. Re2 Bf8 19. Nh2 Bd7 20. Bxd7 Rxd7 21.
Nhf1 Bh6 22. Ne3 Nf4 23. Bxf4 Bxf4 24. Nd5 Bxd2 25. Nxb6 Rdc7 26. Nxc8 Rxc8 27.
Rxd2 Nb3 28. Rad1 Nxd2 29. Rxd2 b5 30. Re2 Kf8 31. Kf1 Ke8 32. Ke1 Kd7 33. Kd2
h5 34. Kd3 Rc7 35. Re1 d5 36. Ra1 f6 37. a4 Ra7 38. a5 Kc6 39. b4 Kd6 40. f4 h4
41. Ke3 Rc7 42. Ra3 Ra7 43. a6 e6 44. Kf3 f5 45. Ra5 Kc6 46. g3 Kb6 47. gxh4
Kc6 48. Kg3 Kb6 49. h5 gxh5 50. Kh4 1-0

[Event "OLNN 1920 SV Diagonale Harburg - SC Dio"]
[Site "?"]
[Date "2019.11.24"]
[Round "3.6"]
[White "Becker, Martin"]
[Black "Apitzsch, Leon Fabian"]
[Result "0-1"]
[WhiteElo "1924"]
[BlackElo "1964"]
[PlyCount "130"]
[EventDate "2019.??.??"]

1. e4 c5 2. Nf3 e6 3. d4 cxd4 4. Nxd4 Nf6 5. Nc3 Nc6 6. Be3 Bb4 7. Nxc6 bxc6 8.
Bd3 d5 9. exd5 exd5 10. Bd2 O-O 11. O-O Bg4 12. Qc1 Re8 13. a3 Bc5 14. Bg5 Rb8
15. Rb1 Bd6 16. h3 Bd7 17. Qd2 h6 18. Bf4 Qc7 19. Bxd6 Qxd6 20. Rfe1 Rxe1+ 21.
Qxe1 c5 22. Qd2 Bc6 23. Nd1 Qe5 24. Qe3 Qxe3 25. Nxe3 c4 26. Bf1 Ne4 27. b4 Kf8
28. Rc1 Rb6 29. c3 Ra6 30. f3 Nd2 31. Ra1 Nb3 32. Ra2 Nc1 33. Ra1 Nb3 34. Ra2
g6 35. Kf2 Ke7 36. b5 Bxb5 37. Nxd5+ Kd6 38. Nb4 Ra4 39. Ke3 f5 40. f4 Nc5 41.
Rd2+ Ke6 42. Nc2 Ne4 43. Nd4+ Kd5 44. Nxb5+ Nxd2 45. Kxd2 Kc5 46. Nd4 Rxa3 47.
Nc2 Rb3 48. Ne3 Rb2+ 49. Ke1 a5 50. Bxc4 a4 51. Bf7 a3 52. Nd1 Rxg2 53. Nf2 Rg3
54. Kd2 Rf3 55. Nd3+ Kd6 56. Kc2 g5 57. fxg5 hxg5 58. Nb4 Rxh3 59. Kb3 g4 60.
Nc2 g3 61. Ne3 f4 62. Ng2 f3 63. Nf4 Rh4 64. Ng6 Rh7 65. Bc4 g2 0-1

[Event "OLNN 1920 SV Diagonale Harburg - SC Dio"]
[Site "?"]
[Date "2019.11.24"]
[Round "3.7"]
[White "Kilic, Oguz"]
[Black "Doederlein, Etienne"]
[Result "1-0"]
[WhiteElo "2036"]
[BlackElo "1883"]
[PlyCount "71"]
[EventDate "2019.??.??"]

1. e4 c6 2. d3 d5 3. Nd2 e5 4. g3 g6 5. Bg2 Bg7 6. Nh3 Ne7 7. O-O O-O 8. f4
exf4 9. Nxf4 Bxb2 10. Bxb2 Qb6+ 11. Kh1 Qxb2 12. exd5 cxd5 13. Nxd5 Nxd5 14.
Bxd5 Nc6 15. Ne4 Qd4 16. Nf6+ Kg7 17. Rf4 Qe5 18. Be4 Bf5 19. Nh5+ Kh8 20. Bxf5
gxf5 21. Rb1 Nd4 22. Qf1 Qd5+ 23. Qg2 Qxg2+ 24. Kxg2 Nxc2 25. Rxb7 Ne1+ 26. Kh3
Nxd3 27. Rxf5 a5 28. Rfxf7 Rxf7 29. Rxf7 Ne5 30. Rc7 Ng6 31. Nf6 Nf8 32. Rf7 a4
33. a3 Rc8 34. Kg4 Rc3 35. Kh5 Rc2 36. h4 1-0

[Event "OLNN 1920 SV Diagonale Harburg - SC Dio"]
[Site "?"]
[Date "2019.11.24"]
[Round "3.8"]
[White "Easwaralingam, Adesh"]
[Black "Mueller-Navarra, Sylvin"]
[Result "1/2-1/2"]
[WhiteElo "2077"]
[BlackElo "1939"]
[PlyCount "90"]
[EventDate "2019.??.??"]

1. e4 e6 2. d4 d5 3. Nd2 dxe4 4. Nxe4 Bd7 5. Nf3 Bc6 6. Bd3 Nd7 7. O-O Ngf6 8.
Nxf6+ Qxf6 9. Be2 Bxf3 10. Bxf3 c6 11. Re1 Rd8 12. c3 Nb6 13. Qb3 Rd7 14. Be3
Be7 15. c4 O-O 16. a4 Nc8 17. a5 a6 18. Qa4 Qf5 19. d5 Rc7 20. dxc6 bxc6 21.
Bxc6 Bc5 22. Be4 Qh5 23. b4 Bxe3 24. Rxe3 h6 25. Bf3 Qf5 26. b5 Nd6 27. b6 Rxc4
28. Qd7 Qxa5 29. Rd1 Nf5 30. b7 Nxe3 31. fxe3 Qc7 32. Be2 Qxd7 33. Rxd7 Ra4 34.
Rc7 Rb4 35. Bxa6 Rb6 36. Bc4 g6 37. Kf2 Kg7 38. Be2 Rb2 39. Kf1 Rb1+ 40. Kf2
Rb2 41. Kf1 Rb4 42. Bf3 Kf6 43. Rc8 Ke7 44. Rc7+ Kf6 45. Rc8 Ke7 1/2-1/2